[Event "86th UKR-ch Men 2017"]
[Site "Zhytomyr"]
[Date "2017.12.14"]
[Round "8"]
[White "Grinev, Valeriy"]
[Black "Oleksiyenko, Mykhaylo"]
[Result "0-1"]
[WhiteElo "2409"]
[BlackElo "2615"]
[Annotator "TA"]
[PlyCount "76"]
[EventDate "2017.??.??"]
[EventType "tourn"]
[EventCountry "UKR"]
[SourceTitle "playchess.com"]
[Source "ChessBase"]
[SourceQuality "1"]

{[%evp 14,76,-6,-13,10,10,10,5,0,-6,-5,-8,-9,0,0,-8,0,-2,27,23,20,0,12,0,-6,-7,41,14,41,11,19,13,14,13,2,5,14,-23,-16,-15,-15,-6,8,-38,-34,-66,-66,-60,-71,-106,-114,-106,-106,-278,-266,-265,-239,-609,-612,-600,-579,-829,-798,-29992,-1478]} 1. d4 Nf6 2. c4 e6 3. Nc3 Bb4 4. e3 O-O 5. Nge2 Re8 6. a3 Bf8 7. Ng3 d5 8. Be2 {LiveBook: 112 Games. E46: Nimzo-Indian: Rubinstein: 4 e3 0-0 5 Ne2 without early Bd3} a5 (8... b6 9. cxd5 exd5 10. b4 Bb7 11. O-O Nbd7 12. Qb3 c6 13. Bf3 a6 14. Rd1 b5 15. e4 Nb6 {0-1 (51) Gupta,A (2627)-Wei,Y (2725) Liaocheng 2017}) 9. O-O b6 $146 ({Predecessor:} 9... c5 10. dxc5 Bxc5 11. b3 Nc6 12. Bb2 d4 13. Nce4 Nxe4 14. Nxe4 Ba7 15. c5 dxe3 16. fxe3 {0-1 (60) Novik,M (2482)-Baron,T (2547) Jerusalem 2017}) 10. e4 {The position is equal.} Nxe4 11. Ngxe4 dxe4 12. Nxe4 Nc6 13. Be3 Bb7 14. Bf3 {[%cal Be2f3,Bf3e4,Be4c2][%mdl 32]} Rb8 15. Nc3 e5 {[%cal Rc6d4]} 16. d5 Ne7 {[%cal Bc6e7,Be7c8,Bc8d6][%mdl 32]} 17. Be4 Nc8 18. Bc2 (18. Bd3 {feels hotter.} g6 19. f3 Nd6 20. Qc2 f5 21. Rfe1) 18... Nd6 19. Ba4 (19. Re1 {with more complications.} c6 20. b3 g6 21. Be4 Nxe4 22. Nxe4 f5 23. Bg5) 19... Re7 20. b3 h6 21. Nb5 f5 22. Nxd6 Qxd6 23. f3 Rd8 24. Qc2 Rf7 25. Rfd1 Bc8 {[%cal Bb7c8,Bc8f5,Bf5h3][%mdl 32]} 26. Re1 f4 27. Bf2 Bf5 28. Qc3 Qg6 {Hoping for ...Bh3.} 29. Ra2 e4 30. Bd4 exf3 31. Be8 {[#]} Rxe8 $1 32. Rxe8 Bh3 $40 {[%mdl 128] Black has strong attack.} 33. Rf2 $2 (33. Qc2 $17 {was forced.} Qg4 34. Qe4 fxg2 35. Rd2) 33... Bxg2 $19 34. Qc2 Rf5 35. Re6 $2 (35. Qe4 Bh3+ 36. Kh1) 35... Qh5 {( -> ...Qxh2+!)} 36. Rxg2 fxg2 37. b4 f3 38. Qb3 {[#]} f2+ $1 {Precision: White = 35%, Black = 70%.} 0-1

[Event "86th UKR-ch Men 2017"]
[Site "Zhytomyr"]
[Date "2017.12.14"]
[Round "8"]
[White "Vypkhaniuk, Ihor"]
[Black "Golubka, Petro"]
[Result "1/2-1/2"]
[WhiteElo "2336"]
[BlackElo "2475"]
[Annotator "TA"]
[PlyCount "28"]
[EventDate "2017.??.??"]
[EventType "tourn"]
[EventCountry "UKR"]
[SourceTitle "playchess.com"]
[Source "ChessBase"]
[SourceQuality "1"]

{[%evp 10,28,24,1,16,15,36,21,22,10,15,1,7,3,21,28,43,0,0,0,0]} 1. Nf3 Nf6 2. d4 e6 3. g3 b5 4. Bg2 Bb7 5. Bg5 (5. O-O c5 6. c3 Na6 7. e3 Be7 8. Qe2 b4 9. c4 O-O 10. b3 d5 11. Bb2 cxd4 12. exd4 Nb8 13. Nbd2 a5 14. Ne5 a4 {½-½ (36) Gledura,B (2588)-Akopian,V (2675) Sharjah 2017}) 5... Be7 6. c3 {LiveBook: 6 Games. A46: 1 d4 Nf6 2 Nf3 e6: Torre, London and Colle Systems} a6 7. a4 d5 8. O-O {White is slightly better.} Nbd7 9. b4 $146 ({Predecessor:} 9. Nbd2 O-O 10. axb5 axb5 11. Qb3 c6 12. c4 dxc4 13. Nxc4 h6 14. Bd2 {½-½ (26) Hansen,C (2565)-Lautier,J (2550) Wijk aan Zee 1991}) 9... a5 10. bxa5 Rxa5 11. Nbd2 c6 12. axb5 cxb5 13. Rxa5 Qxa5 14. Qa1 Qb6 1/2-1/2

[Event "86th UKR-ch Men 2017"]
[Site "Zhytomyr"]
[Date "2017.12.15"]
[Round "9"]
[White "Oleksiyenko, Mykhaylo"]
[Black "Vypkhaniuk, Ihor"]
[Result "1-0"]
[WhiteElo "2615"]
[BlackElo "2336"]
[Annotator "TA"]
[PlyCount "101"]
[EventDate "2017.??.??"]
[EventType "tourn"]
[EventCountry "UKR"]
[SourceTitle "playchess.com"]
[Source "ChessBase"]
[SourceQuality "1"]

{[%evp 15,101,33,36,34,38,44,45,41,45,39,64,31,66,64,64,56,48,49,98,73,117,106,105,101,122,80,87,110,137,140,129,131,195,182,189,182,167,164,220,218,218,220,212,218,218,217,258,257,250,250,250,249,255,258,253,258,245,255,332,323,282,282,347,316,295,171,459,452,452,447,485,429,969,969,969,969,969,962,956,956,913,894,5039,2614,2191,1987,7074,6157]} 1. e4 c5 2. Nf3 Nc6 3. d4 cxd4 4. Nxd4 e5 5. Nb5 a6 6. Nd6+ Bxd6 7. Qxd6 Qe7 8. Qxe7+ Ngxe7 9. c4 {B32: Sicilian: Löwenthal and Kalashnikov Variations} (9. Nc3 d5 10. Bd2 Be6 11. O-O-O O-O-O 12. f3 Kc7 13. b3 f6 14. exd5 Nxd5 15. Nxd5+ Rxd5 16. Bd3 h6 17. Be4 Rd7 18. Bc3 {½-½ (73) Carlsen,M (2837)-Radjabov,T (2788) Astana 2012}) 9... Nd4 {And now ...Nc2+ would win.} 10. Bd3 d6 11. Nc3 {White is slightly better.} Be6 12. b3 Nec6 13. Be3 f5 $146 ({Predecessor:} 13... Rc8 14. Kd2 O-O 15. Rhd1 h6 16. Ne2 Nxe2 17. Bxe2 {1-0 (62) Ciganovic,N (2267)-Kristovic,M (2270) Zadar 2011}) 14. exf5 Bxf5 15. Bxf5 Nxf5 16. Bb6 Nfd4 17. O-O-O Rf8 {[#]} 18. f4 $1 {[%mdl 512]} Kd7 (18... exf4 19. Bxd4) 19. fxe5 dxe5 20. Ne4 Rae8 21. Rhe1 h6 22. Kb2 Rf4 23. Kc3 Ref8 (23... Nb8 $16 {keeps fighting.}) 24. Nc5+ $18 Kc8 {Threatening ...Rf2.} 25. Nd3 R4f5 {[#]} 26. Nxe5 $1 {[%mdl 512]} Nxe5 (26... Rxe5 $142 27. Rxe5 (27. Bxd4 Rxe1 28. Rxe1 Nxd4 $11) 27... Nxe5) 27. Bxd4 Nc6 28. Bxg7 Rg8 29. Bxh6 {Re2 is the strong threat.} Rxg2 30. Rd2 Rg4 31. Re8+ Kc7 32. Rf8 Rxf8 33. Bxf8 {[%mdl 4096] Endgame KRB-KRN} b5 34. Bd6+ Kb6 35. c5+ Kb7 36. Kd3 Nb4+ {[#]} 37. Ke3 $1 Kc6 38. Kf3 Rg1 39. h4 Nd5 40. h5 (40. Bg3 $142) 40... Nf6 $2 (40... Rf1+ 41. Kg3 Rh1) 41. h6 {White is clearly winning.} Rf1+ 42. Kg2 Rf5 43. Be7 Rg5+ (43... Nd5 $142 44. Bd6 Rf6) 44. Kf1 Rf5+ 45. Kg1 Ng4 46. Rd6+ Kb7 47. Rb6+ Ka7 48. Rg6 Nf2 49. Rf6 Nh3+ 50. Kg2 Nf4+ 51. Kf3 {Precision: White = 98%, Black = 40%.} 1-0

[Event "86th UKR-ch Men 2017"]
[Site "Zhytomyr"]
[Date "2017.12.15"]
[Round "9"]
[White "Shevchenko, Kirill"]
[Black "Vovk, Andriy"]
[Result "1/2-1/2"]
[WhiteElo "2547"]
[BlackElo "2634"]
[Annotator "TA"]
[PlyCount "54"]
[EventDate "2017.??.??"]
[EventType "tourn"]
[EventCountry "UKR"]
[SourceTitle "playchess.com"]
[Source "ChessBase"]
[SourceQuality "1"]

{[%evp 13,54,20,49,58,51,46,44,47,62,4,1,-7,-8,-25,0,0,0,0,0,0,0,0,0,0,0,0,0,0,0,0,0,0,0,0,0,0,0,0,0,-10,-8,-9,-14]} 1. d4 Nf6 2. c4 g6 3. Nc3 Bg7 4. e4 d6 5. Nf3 O-O 6. h3 Na6 7. Be3 c5 8. Bd3 {E90: King's Indian: Classical: Early deviations and 6 h3} (8. d5 e6 9. Bd3 exd5 10. exd5 Bf5 11. Bxf5 gxf5 12. O-O Ne4 13. Nxe4 fxe4 14. Ng5 Qe7 15. Qb1 Rae8 16. h4 h6 17. Nh3 Qxh4 18. Nf4 {0-1 (39) Postny,E (2658)-Jones,G (2623) Berlin 2015}) 8... cxd4 9. Nxd4 Nc5 10. Bc2 {White is slightly better.} b6 11. b4 $146 (11. Qd2 $14) ({Predecessor:} 11. O-O Bb7 12. f3 Ne6 13. Nde2 Rc8 14. b3 Nh5 15. Qd2 f5 16. exf5 gxf5 {0-1 (38) Papadimitriou,L (2114)-Stathopoulos,I (2306) Athens 2016}) 11... Ne6 $11 12. Nd5 Nxd4 13. Bxd4 Nxd5 14. cxd5 {The position is equal.} Bxd4 15. Qxd4 Bd7 16. O-O a5 17. Bd3 axb4 18. Rfb1 Ra4 19. Rxb4 Rxb4 20. Qxb4 Qc7 21. Rb1 Rb8 22. h4 f6 23. Qb2 Qa7 24. Rc1 Kf8 25. Qd2 {[#] Qh6+ is the strong threat.} Kg7 26. Bb1 b5 27. Rc3 Rc8 {Precision: White = 55%, Black = 85%.} 1/2-1/2

[Event "86th UKR-ch Men 2017"]
[Site "Zhytomyr"]
[Date "2017.12.15"]
[Round "9"]
[White "Neverov, Valeriy"]
[Black "Grinev, Valeriy"]
[Result "0-1"]
[WhiteElo "2496"]
[BlackElo "2409"]
[Annotator "TA"]
[PlyCount "162"]
[EventDate "2017.??.??"]
[EventType "tourn"]
[EventCountry "UKR"]
[SourceTitle "playchess.com"]
[Source "ChessBase"]
[SourceQuality "1"]

{[%evp 17,162,23,22,23,28,22,14,11,34,23,28,21,37,30,29,13,20,13,26,0,17,24,20,17,23,13,33,16,10,-36,-30,-22,-11,-29,-12,-21,-5,-20,0,-8,0,5,22,16,66,28,59,50,87,87,91,85,81,97,118,124,201,205,265,181,158,173,387,220,242,168,168,166,175,161,177,97,107,101,104,97,97,102,95,93,97,89,191,37,54,52,31,54,54,48,232,225,258,223,215,181,202,88,107,17,55,47,100,0,0,0,3,32,16,-11,-11,-11,0,0,0,-151,-11,-1214,-23,-50,-50,-50,-50,-43,-43,-43,0,0,0,0,0,-29977,-29978,-29978,-29979,-29979,-29980,-29980,-29981,-29981,-29982,-29982,-29983,-29983,-29984,-29984,-29985]} 1. d4 d5 2. c4 e6 3. Nc3 Nf6 4. cxd5 exd5 5. Bg5 c6 6. Qc2 Be7 7. e3 Nbd7 8. Bd3 h6 9. Bh4 Nh5 10. Bxe7 {D36: Queen's Gambit Declined: Exchange Variation: Main line (5 Bg5 c6 6 Qc2)} Qxe7 11. Nf3 (11. O-O-O Nb6 12. Kb1 Nf6 13. Rc1 Be6 14. Nf3 O-O-O 15. Na4 Nfd7 16. Nc5 Nxc5 17. dxc5 Nc4 {1-0 (45) Rodshtein,M (2695)-Brunello,S (2555) Douglas 2017}) 11... Nf4 12. Bf1 {The position is equal.} Ne6 (12... O-O {looks sharper.}) 13. O-O-O $146 ({Predecessor:} 13. Be2 Ng5 {½-½ (45) Gamback,B (2109)-Limono,H (1801) Katerini 2014}) 13... Nf6 14. Kb1 Bd7 15. Ne5 O-O-O 16. Ka1 Kb8 17. b4 Nc7 18. Bd3 Be8 19. Rb1 Nd7 20. Nxd7+ Bxd7 21. Rhc1 Qd6 22. h3 Rhf8 23. Na4 {[%cal Bc3a4,Ba4c5,Bc5d3,Bd3e5][%mdl 32]} f5 24. f4 Rde8 25. Re1 Re7 26. Nc5 g6 27. Bf1 Rfe8 28. Qd2 Qf6 29. Nd3 Rg8 30. Ne5 Be8 31. g3 Bd7 32. Bd3 Ne8 33. b5 cxb5 34. Bxb5 ({Reject} 34. Nxd7+ $6 Rxd7 35. Bxb5 Re7 $11) 34... Bxb5 35. Rxb5 Nc7 36. Rc5 Rd8 (36... Qe6 $16 37. Rb1 Ka8) 37. Rec1 $18 Na8 38. Qb4 Nb6 39. a4 Re6 $2 (39... Ka8 40. g4 Rb8) 40. a5 (40. Rb1 $142) 40... Nc4 41. Nxc4 dxc4 42. Qxc4 Ree8 43. Re5 Qd6 {[#]} 44. Qc5 (44. a6 $1 $18 {[%mdl 512]} Re7 (44... bxa6 45. Qa4) 45. Ka2) 44... Qd7 $16 45. Kb2 Rc8 46. Rxe8 $40 {[%mdl 128] White attacks with force.} Rxe8 {[%mdl 4096] Endgame KQR-KQR} 47. Rc3 a6 48. Ka3 g5 49. h4 Ka8 (49... gxh4 $16 {is a better defense.} 50. gxh4 Ka8) 50. Kb4 $2 (50. hxg5 $18 hxg5 51. fxg5) 50... gxh4 51. gxh4 Qe6 52. Qe5 Qg6 $1 53. Qd5 $1 Qg1 $2 ({Better is} 53... Rb8 $1 $14) 54. Qxf5 $18 Qe1 55. Qd3 Qxh4 56. d5 $1 Qf6 57. Qd4 (57. d6 $1 $18 {[%cal Rd6d7] is the precise move to win.} Rd8 58. Qd5) 57... Qf5 $16 58. Ka3 ({White should play} 58. Rc4 $1 $16) 58... Rd8 59. Rc5 {aiming for d6.} Qf8 $1 60. Kb3 (60. Qb4 $1 $16) 60... h5 $1 $11 61. Rc7 {Qb6 is the strong threat.} Qf5 62. e4 Qxf4 63. Qb6 {[%csl Gc7][%cal Rb6b7]} Rb8 64. Rc4 Qg3+ 65. Rc3 Qe1 66. Rc4 $2 ({White should try} 66. d6 $11) 66... Rg8 (66... h4 $17 {Threatens to win with ...h3.} 67. Qe6 Qd1+ 68. Kb2 Qd2+ 69. Kb3 Qd3+ 70. Rc3 Qb5+ 71. Kc2 Ka7 72. Qb6+ Qxb6 73. axb6+ Kxb6) 67. Qd4 $2 {[%mdl 8192] [#]} (67. d6 $11) 67... Qxa5 $2 (67... Qb1+ $1 $19 68. Ka3 Rg3+ 69. Rc3 Qa1+ 70. Kb4 Qb2+ 71. Kc5 Rxc3+ 72. Kd6 Rc2 73. Qxb2 Rxb2) 68. d6 Rg3+ 69. Rc3 $1 {[%cal Rc3g3]} Rxc3+ 70. Qxc3 $15 {KQ-KQ} Qb6+ 71. Qb4 Qxb4+ 72. Kxb4 {White wants to mate with d7. K3P-KPP} Kb8 73. Kc5 ({But not} 73. e5 $2 h4 $19) 73... h4 74. e5 $2 {[%mdl 8192] [#]} (74. Kd5 $11 Kc8 75. Ke6) 74... h3 $1 {[%cal Rh3h2] Black mates.} 75. e6 Kc8 76. e7 Kd7 77. Kb6 h2 78. e8=Q+ Kxe8 79. Kc7 h1=Q 80. d7+ Kf7 81. d8=Q Qc6+ {Precision: White = 47%, Black = 43%.} 0-1

[Event "86th UKR-ch Men 2017"]
[Site "Zhytomyr"]
[Date "2017.12.15"]
[Round "9"]
[White "Gasanov, Eldar"]
[Black "Bernadskiy, Vitaliy"]
[Result "1/2-1/2"]
[WhiteElo "2488"]
[BlackElo "2583"]
[Annotator "TA"]
[PlyCount "90"]
[EventDate "2017.??.??"]
[EventType "tourn"]
[EventCountry "UKR"]
[SourceTitle "playchess.com"]
[Source "ChessBase"]
[SourceQuality "1"]

{[%evp 27,90,50,65,57,98,96,103,103,110,106,106,97,103,91,98,103,91,84,92,62,81,43,81,83,234,215,225,202,518,477,447,392,513,518,490,0,0,-6,-6,-6,-6,-6,-6,-6,-6,-6,-6,-6,-6,-16,-6,-6,-6,-6,0,0,0,0,0,0,0,-6,-6,-6,0]} 1. d4 Nf6 2. c4 c5 3. d5 b5 4. cxb5 a6 5. bxa6 g6 6. Nc3 Bxa6 7. Nf3 d6 8. e4 Bxf1 9. Kxf1 Bg7 10. g3 O-O 11. Kg2 Nbd7 12. Re1 Ra6 13. a4 {A59: Benko/Volga Gambit: White castles by hand} Qa8 14. Nb5 Rc8 {LiveBook: 4 Games} 15. Bd2 {[#] White is slightly better.} Ne8 $146 ({Predecessor:} 15... Nb6 16. b3 c4 17. a5 Nbd7 18. bxc4 Rxc4 19. Rc1 Qc8 {1-0 (55) Batchuluun,T (2523)-Andriasian,Z (2622) St Petersburg 2014}) 16. Bc3 Nc7 17. Bxg7 Kxg7 18. Nxc7 Rxc7 {[%cal Bc8c7,Bc7b7,Bb7b4][%mdl 32]} 19. Qc2 Rb7 20. Qc3+ Kg8 {[#]} 21. b3 $1 $36 {[%mdl 2048] Keeping Black busy.} Rb4 22. Nd2 f5 23. f3 Ne5 $1 24. Rad1 fxe4 25. Nxe4 Rab6 $2 {[#]} (25... Nf7 $16) 26. Nxc5 $1 $18 {[%mdl 512]} Qc8 {Hoping for ...Rxb3!} (26... dxc5 27. Qxe5) 27. Rc1 {Threatens to win with Rxe5.} Qf5 $2 (27... Qxc5 {is more resistant.} 28. Qxe5 dxe5 29. Rxc5 Rxb3 30. Rxe5 Rb7 31. Rc8+ Kg7) 28. Ne6 {Intending Qc8+ and mate.} Kf7 29. Nd4 Rxd4 30. Qxd4 Rxb3 31. f4 $2 ({White should play} 31. Re3 $18 Rd3 32. Rxd3 Nxd3 33. Rf1) 31... Qd3 $1 $11 {[%cal Rd3d4] The position is equal.} 32. Rcd1 Qxd4 $1 33. Rxd4 {[%mdl 4096] Endgame KRR-KRN} Rb2+ 34. Kf1 Nf3 35. Rd3 Nxe1 36. Kxe1 {KR-KR} Ra2 $1 37. h3 Rxa4 38. Kf2 Kf6 39. Kf3 h5 40. g4 hxg4+ 41. hxg4 Rb4 42. Kg3 Rb1 43. Kf3 Rf1+ 44. Ke4 g5 45. Rf3 Re1+ {Precision: White = 70%, Black = 53%.} 1/2-1/2

[Event "86th UKR-ch Men 2017"]
[Site "Zhytomyr"]
[Date "2017.12.15"]
[Round "9"]
[White "Golubka, Petro"]
[Black "Onischuk, Vladimir"]
[Result "1/2-1/2"]
[WhiteElo "2475"]
[BlackElo "2637"]
[Annotator "TA"]
[PlyCount "108"]
[EventDate "2017.??.??"]
[EventType "tourn"]
[EventCountry "UKR"]
[SourceTitle "playchess.com"]
[Source "ChessBase"]
[SourceQuality "1"]

{[%evp 13,108,35,41,20,23,30,16,-34,-23,-33,0,-13,0,-4,15,-56,-34,-45,-11,-22,-11,-18,-2,-26,-15,-43,-36,-40,-18,-16,-19,-7,0,0,0,0,6,0,0,0,0,-16,-16,-16,-14,-16,-16,-16,-16,-16,-16,-16,-16,-16,-16,-16,-8,-8,-8,-8,-8,-8,-8,-8,-8,-8,-8,-8,-8,-8,-8,-8,-7,-7,-7,-8,-8,-8,-8,-8,-8,-8,-8,-8,-8,-8,-8,-8,-8,-8,-8,-8,-8,-8,-8,-8,-8]} 1. e4 d6 2. d4 Nf6 3. f3 g6 4. Be3 Bg7 5. Nc3 c6 6. Qd2 h6 {B07: Pirc Defence: Miscellaneous Systems} 7. g4 b5 {LiveBook: 10 Games} 8. a4 $146 ({Predecessor:} 8. h4 h5 9. g5 Nfd7 10. Nge2 Bb7 11. Ng3 O-O 12. f4 b4 13. Nd1 c5 14. d5 {1-0 (33) Anand,V (2771)-Chernin,A (2619) Eupen 1999}) 8... b4 9. Nce2 a5 10. c3 bxc3 11. bxc3 e5 12. Ng3 exd4 13. cxd4 Na6 14. Bxa6 (14. h4 $11) 14... Bxa6 $15 15. Rc1 Rc8 16. N1e2 h5 $1 17. g5 Nd7 {next ...h4 is good for Black.} 18. h4 $1 c5 19. O-O O-O 20. Rfd1 cxd4 21. Bxd4 {The position is equal.} Ne5 22. Kg2 Rxc1 23. Rxc1 Qa8 24. Nf4 Bb7 25. Rc3 Rc8 26. Nge2 Re8 27. Kf2 (27. Qc1 {is more complex.} Bxe4 28. fxe4 Qxe4+ 29. Kg3 Ng4 30. Rc8) 27... d5 28. exd5 Bxd5 {[%cal Re5f3]} 29. Bxe5 Rxe5 30. Nxd5 Rxd5 31. Rd3 Rxd3 32. Qxd3 Qb8 {...Qh2+ is the strong threat.} 33. Kg2 Qb4 34. Qe4 Qxe4 35. fxe4 $11 {[%mdl 4096] Endgame KB-KN} Kf8 36. Nf4 Ke7 37. Kf3 Kd6 {Hoping for ...Kc5.} 38. Nd3 $1 Bc3 39. Kf4 Ke6 40. Nc5+ Ke7 41. Nd3 Kd6 42. Kg3 f6 43. gxf6 Bxf6 44. Kh3 Ke6 45. Kg3 Bd8 46. Kh3 Kf6 47. Kg3 Bc7+ 48. Kh3 Bd6 49. Kg2 g5 50. hxg5+ Kxg5 51. Kh3 Bb8 52. Nc1 Kf4 53. Nb3 Bc7 54. Kh4 Ke5 {Precision: White = 64%, Black = 68%.} 1/2-1/2

[Event "86th UKR-ch Men 2017"]
[Site "Zhytomyr"]
[Date "2017.12.15"]
[Round "9"]
[White "Frolov, Artur"]
[Black "Kovchan, Alexander"]
[Result "0-1"]
[WhiteElo "2416"]
[BlackElo "2592"]
[Annotator "TA"]
[PlyCount "103"]
[EventDate "2017.??.??"]
[EventType "tourn"]
[EventCountry "UKR"]
[SourceTitle "playchess.com"]
[Source "ChessBase"]
[SourceQuality "1"]

{[%evp 19,103,28,20,11,13,5,6,0,12,0,4,-8,-18,-47,-48,-57,-60,-56,-27,-41,-33,-51,-51,-60,-52,-53,-35,-60,-48,-60,-60,-70,-64,-64,-60,-67,-67,-82,-78,-89,-81,-89,-80,-229,-225,-242,-240,-227,-239,-233,-239,-219,-208,-222,-208,-249,-260,-237,-268,-415,-412,-374,-364,-472,-212,-471,-454,-756,-685,-763,-456,-761,-735,-1539,-1354,-1685,-1503,-29987,-29988,-29988,-29989,-29989,-29990,-29990,-29991,-29982]} 1. e4 c5 2. Nf3 d6 3. d4 cxd4 4. Nxd4 Nf6 5. Nc3 a6 6. Be3 e5 7. Nb3 Be6 8. f3 h5 9. Nd5 {B90: Sicilian Najdorf: Unusual White 6th moves, 6 Be3 Ng4 and 6 Be3 e5} Bxd5 10. exd5 g6 {LiveBook: 7 Games} 11. c4 {The position is equal.} (11. Qd2 {with more complications.} Nbd7 12. Be2 Bg7 13. O-O O-O 14. Rae1) (11. Qd2 Nbd7 12. Be2 Qc7 13. c4 a5 14. Rc1 a4 15. Na1 Qa5 16. Nc2 Qxd2+ 17. Kxd2 {½-½ (60) Topalov,V (2749)-Nakamura,H (2780) Saint Louis 2017}) 11... Bh6 12. Bxh6 Rxh6 13. Qd2 Rh8 14. Bd3 $146 ({Predecessor:} 14. c5 dxc5 15. Nxc5 Qb6 16. Ne4 Nbd7 {½-½ (31) Baklanov,V (2398)-Kiryaev,D ICCF email 2012}) 14... Nbd7 15. O-O Qb6+ 16. Kh1 h4 17. Qf2 Qxf2 18. Rxf2 a5 19. Re1 Kf8 20. Kg1 Nh5 21. Rc2 b6 22. Rc3 f5 23. Bc2 Kf7 24. Nc1 Nf4 25. Ne2 Nxe2+ 26. Rxe2 Nc5 27. Kf2 Rab8 28. Bd3 Rhc8 29. Ke3 Kf6 30. b3 g5 31. Rec2 (31. h3 $17) 31... f4+ $19 32. Kd2 g4 33. fxg4 {[#]} h3 $1 {[%cal Rh3g2][%mdl 512]} 34. gxh3 Rh8 $1 35. Bf1 Ne4+ {[%mdl 1024] Black has strong compensation.} 36. Kd3 Ng5 $1 ({Not} 36... Nxc3 37. Rxc3 b5 38. c5 $15) 37. a3 {[#]} e4+ $1 {[%cal Be5e4,Be4e3][%mdl 32]} 38. Kd4 {[#]} e3 $1 39. b4 (39. Re2 {was worth a try.} Nxh3 40. Bxh3 Rxh3 41. Rc1) 39... axb4 40. axb4 Rbe8 41. Re2 Re4+ 42. Kd3 Ke5 43. c5 (43. Bg2 $142 f3 44. Bxf3 Nxf3 45. Rxe3 Rxe3+ 46. Kxe3) 43... bxc5 44. bxc5 Rd4+ 45. Kc2 Ne4 46. Ra3 Rc4+ 47. Kd3 Rc1 {[%cal Re4c5]} 48. Rxe3 fxe3 {Black mates.} 49. Bg2 e2 50. Kxe2 Rc2+ 51. Kf1 Rf8+ 52. Bf3 {Precision: White = 36%, Black = 90%.} 0-1

[Event "86th UKR-ch Men 2017"]
[Site "Zhytomyr"]
[Date "2017.12.16"]
[Round "10"]
[White "Onischuk, Vladimir"]
[Black "Oleksiyenko, Mykhaylo"]
[Result "1/2-1/2"]
[WhiteElo "2637"]
[BlackElo "2615"]
[Annotator "TA"]
[PlyCount "138"]
[EventDate "2017.??.??"]
[EventType "tourn"]
[EventCountry "UKR"]
[SourceTitle "playchess.com"]
[Source "ChessBase"]
[SourceQuality "1"]

{[%evp 20,138,27,0,10,0,20,0,2,2,0,-5,3,0,20,12,20,16,18,12,12,12,11,4,26,19,35,17,27,22,57,18,79,52,67,65,59,62,113,127,128,115,118,129,130,128,120,127,123,112,112,0,129,129,170,156,170,161,170,121,127,99,99,87,87,87,87,87,99,87,115,87,125,0,0,0,0,0,0,0,54,0,58,58,103,115,101,105,96,74,74,75,75,81,81,59,62,0,0,0,8,8,8,0,8,0,0,0,0,0,0,0,0,0,0,0,0,0,0,0,0]} 1. Nf3 Nf6 2. g3 g6 3. Bg2 Bg7 4. O-O O-O 5. d3 c5 6. c4 Nc6 7. Nc3 d6 8. a3 Bd7 9. Rb1 Qc8 10. b4 Bh3 11. Bd2 b6 {A38: Symmetrical English vs ...g6: 4 Bg2 Bg7 5 Nf3 Nf6} 12. b5 Nd4 (12... Nd8 13. a4 Bxg2 14. Kxg2 a5 15. bxa6 Rxa6 16. Rb5 Nc6 17. Qb3 Qa8 18. Nd5 Nxd5 19. cxd5 {1-0 (44) Vastrukhin,O (2386)-Belyakov,B (2486) Sochi 2017}) 13. e3 Bxg2 14. Kxg2 Nxf3 15. Qxf3 e6 $146 ({Predecessor:} 15... Qf5 16. Qxf5 gxf5 17. e4 fxe4 18. Nxe4 d5 19. Nxf6+ Bxf6 {0-1 (37) Aliyev,R (2117)-Smolkov,I (2347) Sunny Beach 2015}) 16. a4 a5 17. e4 Qb7 18. Rbe1 Rae8 19. Qe2 Nd7 20. f4 f5 21. Qf3 Nf6 22. h3 h5 23. Re2 Rd8 24. Rfe1 Rf7 25. Bc1 d5 (25... fxe4 $11 {keeps the balance.} 26. Nxe4 Nxe4 27. Qxe4 Qxe4+ 28. dxe4 Bd4) 26. e5 Nh7 27. cxd5 exd5 28. Rd1 d4 (28... Nf8 $14) 29. Nb1 $16 {[%cal Bc3b1,Bb1a3,Ba3c4,Bc4d6][%mdl 32]} Nf8 30. Na3 Ne6 31. Nc4 Bh6 32. Rf1 Qxf3+ 33. Kxf3 ({Much less strong is} 33. Rxf3 $6 Rb8 $14) 33... Rb8 34. Nd6 Rd7 35. Nc4 (35. Rg2 $16) 35... Bf8 (35... Rf7 $1 $11 {remains equal.}) 36. g4 Rh7 {White should prevent ...hxg4+.} 37. gxf5 gxf5 38. Rg2+ Rg7 39. Rxg7+ Kxg7 40. Bd2 Kf7 41. Rg1 Be7 42. Be1 Nf8 43. Rg2 Ne6 44. Rb2 Ke8 45. Rb1 Kf7 46. Bxa5 ({Better is} 46. Bf2 $16) 46... bxa5 $11 47. Nxa5 Ra8 48. b6 Nd8 $1 49. Nc4 Rxa4 (49... Nb7 $11 50. a5 Ke6) 50. b7 $14 Nxb7 (50... Nc6 $11) 51. Rxb7 $11 {[%mdl 4096] Endgame KRB-KRN} Ra1 {[#]} 52. Nd6+ $1 Ke6 53. Ne8 {aiming for Ng7+.} Rf1+ 54. Kg2 Rxf4 55. Ng7+ Kf7 56. Nxh5 Rh4 57. Ng3 Rf4 $1 58. Nh5 ({White should try} 58. Ne2 $14 Rh4 59. Ng3) 58... Rh4 {The position is equal.} 59. Ng7 Kxg7 60. Rxe7+ {KR-KR} Kg6 61. Rc7 Kg5 62. e6 {Black must now prevent e7.} Rh6 63. Rc6 {[#] Hoping for e7.} Rh7 64. Rxc5 Kf6 65. Rc6 {Strongly threatening e7+.} Ke5 66. Ra6 Rg7+ 67. Kf3 Rh7 68. Kg3 Rg7+ 69. Kf3 Rh7 {Precision: White = 58%, Black = 55%.} 1/2-1/2